| 000 | 00480ntaaa2200193 4500 | ||
|---|---|---|---|
| 003 | 01 | ||
| 005 | 20251027202728.0 | ||
| 008 | 0714s1973 ag 01 | ||
| 020 | _a0311462685 | ||
| 040 |
_aAR-BaBN _bspa _cAR-BaBN _eaacr _dRIC |
||
| 082 | _a649.1024 G76c | ||
| 100 |
_aGrant, Wilson _927197 |
||
| 245 | _aCuando el padre cuida de la familia | ||
| 250 | _a1 ed. | ||
| 260 |
_aEl Paso : _bMundo Hispano, _c1987 |
||
| 300 |
_a102 p ; _c18 cm |
||
| 650 |
_apadres _97805 |
||
| 942 | _cBK | ||
| 999 |
_c22528 _d22528 |
||